| 000 | 00524nam a2200193 b 4500 | ||
|---|---|---|---|
| 003 | OSt | ||
| 005 | 20160302154303.0 | ||
| 008 | 991014s1970 slv spa | ||
| 040 | _cBMC | ||
| 082 | _a840.3 | ||
| 100 | 1 |
_aSimenon, Georges _d1903-1989 _936568 |
|
| 245 | 1 | 3 |
_aLa Folle de Maigret _cGeorges Simenon |
| 260 |
_aParis _bPresses de la Citè _c1970 |
||
| 300 |
_a186 p. _c18 cm |
||
| 490 |
_aMaigret _v50 |
||
| 546 | _aTraducción de: Maigretet la vieille dame | ||
| 650 | 2 | 4 |
_936675 _aNovela belga |
| 942 |
_2ddc _cBK |
||
| 999 |
_c24927 _d24927 |
||